|
|
|
|
| LEADER |
00000nab a2200000 ar4500 |
| 001 |
vtls009006055 |
| 003 |
SK-MaSNL |
| 005 |
20260303065723.0 |
| 008 |
070710c2007 xo mr|p|||||||000 b|slo |
| 015 |
|
|
|a SNBRB2007/07
|2 snkbucl
|
| 038 |
|
|
|a SNKBUCL
|
| 040 |
|
|
|a SNKBUCL
|b slo
|c SNKBUCL
|e AACR2
|
| 041 |
0 |
|
|a slo
|
| 044 |
|
|
|a xo
|c SK
|
| 080 |
|
|
|a 69:06.063
|x (437.6)
|2 2001
|
| 080 |
|
|
|a 72:06.063
|x (437.6)
|2 2001
|
| 245 |
0 |
0 |
|a Výsledky súťaže Stavba roka 2007
|
| 300 |
|
|
|b Fotogr.
|
| 611 |
2 |
7 |
|a Stavba roka
|n (13. :
|d 2007 :
|c Slovensko)
|2 snkbucl
|9 1031943
|
| 773 |
0 |
|
|t ARCH
|g Roč. 12, č. 6 (2007), s. 4
|x 1335-3268
|
| 852 |
|
|
|a SNK
|b KIS3GCP
|
| 958 |
|
|
|a SK
|
| 999 |
|
|
|c 1752360
|d 1754290
|